Anatomy and physiology coloring workbook / (Record no. 355930)
[ view plain ]
| 000 -LEADER | |
|---|---|
| fixed length control field | 00319nam a2200109Ia 4500 |
| 008 - FIXED-LENGTH DATA ELEMENTS--GENERAL INFORMATION | |
| fixed length control field | 180219s9999 xx 000 0 und d |
| 020 ## - INTERNATIONAL STANDARD BOOK NUMBER | |
| International Standard Book Number | 9814035955 |
| 100 ## - MAIN ENTRY--PERSONAL NAME | |
| Personal name | Marieb, Elaine N. |
| 245 ## - TITLE STATEMENT | |
| Title | Anatomy and physiology coloring workbook / |
| 260 ## - PUBLICATION, DISTRIBUTION, ETC. (IMPRINT) | |
| Place of publication, distribution, etc | Singapore : |
| Name of publisher, distributor, etc | Pearson education asia |
| Date of publication, distribution, etc | 2001 |
| 300 ## - PHYSICAL DESCRIPTION | |
| Extent | iii, 298 pages |
| Withdrawn status | Lost status | Damaged status | Home library | Current library | Shelving location | Date acquired | Source of acquisition | Total Checkouts | Full call number | Barcode | Date last seen | Price effective from | Koha item type |
|---|---|---|---|---|---|---|---|---|---|---|---|---|---|
| College Library | College Library | General Circulation Section | 02/19/2018 | QP 36 .W853 2001 | c21203 | 05/15/2018 | 02/19/2018 | Books |